000 00918nam a22002777a 4500
005 20260224150319.0
008 260224b2024 sz a|||| |||| 00| 0 eng d
020 _a9783662682890
040 _aaue
_caue
_erda
041 _aeng.
050 1 _aQ335
_b.M35 2024
100 1 _aMainzer, Klaus,
245 1 0 _aLimits of AI:
_btheoretical, practical, ethical/
_cKlaus Mainzer, Reinhard Kahle.
264 1 _aCham, Switzerland :
_bSpringer Nature,
_c2024.
300 _a158 Pages:
_billustrations;
_c24 cm.
336 _2rdacontent
_atext
_btxt
337 _2rdamedia
_aunmediated
_bn
338 _2rdacarrier
_avolume
_bnc
504 _aIncludes bibliographical references and index.
650 0 _aArtificial intelligence
_xPhilosophy.
650 0 _aArtificial intelligence
_xMoral and ethical aspects
650 0 _aTechnology
_xPhilosophy.
700 1 _aKahle, Reinhard,
_eauthor.
942 _2lcc
_cBK
_n0
999 _c30503
_d30503